Normal view
MARC view
- Villar Angulo, Luis Miguel
Entry Nombre Personal
001 - NUMERO DE CONTROL
- campo de control: 29629
003 - IDENTIFICADOR DE NUMERO DE CONTROL
- campo de control: UPN
005 - FECHA Y HORA DE LA ÜLTIMA TRANSACCIÓN
- campo de control: 20251031201819.0
008 - DATOS DE LONGITUD FIJA
- campo de control de longitud fija: nabaccnnaabn|||||||||| b |nc|||||d
024 7# - OTROS IDENTIFICADORES NORMALIZADOS
- Fuente: orcid
- Número normalizado o código: https://orcid.org/0000-0001-5130-9436
035 ## - NUMERO DE CONTROL
- Número de control: UPN11000001735
040 ## - FUENTE DE CATALOGACIÓN
- Lenguaje de catalogación: SPA
- Agencia de transcripción: UPN
100 1# - ENCABEZAMIENTO - NOMBRE PERSONAL
- Nombre personal: Villar Angulo, Luis Miguel
370 ## - LUGAR ASOCIADO
- Associated country: España
371 ## - DIRECCIÓN
- Electronic mail address: mvillar@us.es
373 ## - GRUPO ASOCIADO
- Associated group: Universidad de Sevilla
374 ## - OCUPACIÓN
- Occupation: Docencia e investigación universitaria
670 ## - FUENTE EN LA QUE SE LOCALIZARON DATOS
- Cita de la fuente: LC
670 ## - FUENTE EN LA QUE SE LOCALIZARON DATOS
- Cita de la fuente: En recurso en línea: Pixel bit: revista de medios y educación
- Información localizada: (Luis Miguel Villar Angulo)
- Uniform Resource Identifier: https://recyt.fecyt.es/index.php/pixel/article/view/114160/83587
680 ## - NOTA PUBLICA DE ACCESO PÚBLICO
- Frase explicativa de la referencia: Catedrático español
902 ## - CATALOGADOR
- Catalogador: DAA/230608
902 ## - CATALOGADOR
- Catalogador: Leonor Sotres/311025
